[Event "AUTO-INT-3147"]
[Site "http://www.queenalice.com/game.php?id=1428007"]
[Date "2016.6.17"]
[Round "1"]
[White "twmoore"]
[Black "LeRoiNoir"]
[Result "1-0"]
[WhiteElo "1553"]
[BlackElo "1684"]

1. e4 c6 2. d4 d5 3. Nc3 dxe4 4. Nxe4 Bf5 5. Bd3 Qxd4 6. Nf3 Qb6 7. O-O e6 8.
Nd6+ Bxd6 9. Bxf5 exf5 10. Qxd6 Qd8 11. Re1+ Ne7 12. Bf4 O-O 13. Qxe7 Qb6 14.
Rad1 Na6 15. Rd7 Qxb2 16. Ng5 Qxa2 17. Nxh7 Kxh7 18. Qh4+ Kg8 19. Qg3 Rfe8 20.
Be5 g6 21. Qh4 Rxe5 22. Rdd1 Qxc2 23. h3 1-0

[Event "AUTO-INT-3147"]
[Site "http://www.queenalice.com/game.php?id=1428008"]
[Date "2016.6.17"]
[Round "1"]
[White "LeRoiNoir"]
[Black "twmoore"]
[Result "1-0"]
[WhiteElo "1656"]
[BlackElo "1555"]

1. d4 d5 2. c4 Nf6 3. Nc3 dxc4 4. e3 Be6 5. Nf3 Nc6 6. e4 Bg4 7. Be3 e6 8. Bxc4
Bb4 9. O-O O-O 10. e5 Nh5 11. Be2 a6 12. h3 Bxf3 13. Bxf3 g6 14. Bxh5 gxh5 15.
Qxh5 Kh8 16. Ne4 Nxd4 17. Nf6 Be7 18. Qxh7# 1-0

[Event "AUTO-INT-3147"]
[Site "http://www.queenalice.com/game.php?id=1428009"]
[Date "2016.6.17"]
[Round "1"]
[White "twmoore"]
[Black "ismaelfln"]
[Result "0-1"]
[WhiteElo "1599"]
[BlackElo "1449"]

1. d4 d5 2. Nc3 Nf6 3. Nf3 Bg4 4. h3 Bxf3 5. gxf3 e6 6. Bg5 h6 7. Bf4 g5 8. Be5
Bb4 9. a3 Bxc3+ 10. Qd2 Bxd2+ 11. Kxd2 b5 12. e3 a6 13. c3 O-O 14. Bd3 Nfd7 15.
b4 Nb6 16. Rhg1 Na4 17. e4 Nb2 18. Bc2 a5 19. Rab1 Nc4+ 20. Kd3 Nxa3 21. Rb3
axb4 22. Rxb4 Na6 23. Rb3 Nc4 24. Bg3 Na5 25. Rxb5 Nc6 26. Ba4 Nab8 27. Rb7 Rxa4
28. Bxc7 Qd7 29. Rgb1 Ra3 30. Bxb8 Qd8 31. Bc7 Qa8 32. Bd6 Qa6+ 33. R7b5 Rd8 34.
Bxa3 Qxa3 35. e5 Kg7 36. h4 gxh4 37. Rg1+ Kh7 38. Rb7 Qa6+ 0-1

[Event "AUTO-INT-3147"]
[Site "http://www.queenalice.com/game.php?id=1428010"]
[Date "2016.6.17"]
[Round "1"]
[White "ismaelfln"]
[Black "twmoore"]
[Result "1-0"]
[WhiteElo "1455"]
[BlackElo "1574"]

1. e4 e5 2. Nf3 Nc6 3. Bb5 a6 4. Bxc6 dxc6 5. Nxe5 Bd6 6. Nc4 Bc5 7. O-O Nf6 8.
h3 Nxe4 9. Qe1 Bf5 10. d3 Qe7 11. dxe4 Bxe4 12. Nc3 Bxc2 13. Qxe7+ Kxe7 14. Ne5
Rad8 15. Re1 Kf6 16. Bf4 Rd2 17. Bxd2 g6 18. Nd7+ Kg7 19. Nxc5 b6 20. Nxa6 Rd8
21. Bf4 1-0

[Event "Challenge"]
[Site "http://www.queenalice.com/game.php?id=1445697"]
[Date "2016.10.14"]
[Round "-"]
[White "Scaracioli"]
[Black "twmoore"]
[Result "0-1"]
[WhiteElo "1669"]
[BlackElo "1577"]

1. e4 e5 2. Nf3 Nc6 3. d4 d6 4. c3 Nf6 5. Bd3 Bg4 6. d5 Ne7 7. Bg5 h6 8. Bxf6
gxf6 9. Nbd2 Ng6 10. h3 Bd7 11. g3 h5 12. h4 Qe7 13. Qe2 O-O-O 14. Nh2 Bh6 15.
b4 a6 16. a4 c6 17. c4 c5 18. b5 a5 19. O-O Bh3 20. Rfe1 Rhg8 21. Ndf3 Nf4 22.
Qc2 Rg7 23. Bf1 Qd7 24. Ra2 Bxf1 25. g4 Rxg4+ 26. Kxf1 Rdg8 27. Nxg4 Qxg4 28.
Re3 Qh3+ 29. Ke1 Ng2+ 30. Kd2 Bxe3+ 31. Kc3 Bd4+ 32. Kd2 Qxf3 33. Qd3 Qxf2+ 34.
Qe2 Qf4+ 35. Kc2 Ne3+ 36. Kb3 Rg2 37. Qxh5 Rxa2 38. Kxa2 Qf2+ 0-1

[Event "Challenge"]
[Site "http://www.queenalice.com/game.php?id=1451510"]
[Date "2016.11.23"]
[Round "-"]
[White "Scaracioli"]
[Black "twmoore"]
[Result "1-0"]
[WhiteElo "1538"]
[BlackElo "1558"]

1. e4 e5 2. Nf3 Nc6 3. d4 Qe7 4. d5 Nd4 5. Nxd4 exd4 6. Qxd4 f6 7. c4 d6 8. Nc3
Bd7 9. h3 Qe5 10. Qd3 O-O-O 11. g3 f5 12. f4 Qe7 13. Bg2 Nf6 14. Be3 Nxe4 15.
Nxe4 h6 16. Nc3 Re8 17. Nd1 b6 18. O-O Rg8 19. g4 fxg4 20. hxg4 Bxg4 21. Nf2 Qh4
22. Nxg4 Qxg4 23. Rf3 Be7 24. Kf1 Bh4 25. Bh3 Qxh3+ 26. Rxh3 Bf6 27. Rb1 Re7 28.
Re1 Rf8 29. Re2 Bg5 30. f5 Rxf5+ 31. Qxf5+ Kb7 32. b4 Re5 33. Qd7 g6 34. a4 Re7
35. Qc6+ Ka6 36. b5+ Ka5 37. Bxg5 Rf7+ 38. Rf2 Rg7 39. Bd2+ Kxa4 40. Qb7 1-0

[Event "Challenge"]
[Site "http://www.queenalice.com/game.php?id=1451511"]
[Date "2016.11.23"]
[Round "-"]
[White "twmoore"]
[Black "Scaracioli"]
[Result "1-0"]
[WhiteElo "1528"]
[BlackElo "1753"]

1. e4 e5 2. d4 c6 3. Nc3 Qf6 4. Nf3 exd4 5. e5 Qe7 6. Ne2 c5 7. Bf4 f6 8. Qd3 b6
9. O-O-O Nc6 10. exf6 Nxf6 11. g3 h6 12. Qg6+ Qf7 13. Qxf7+ Kxf7 14. Re1 Be7 15.
Ne5+ Nxe5 16. Bxe5 Bb7 17. Rg1 Ng4 18. Nf4 Nxh2 19. Bc4+ Ke8 20. Bxg7 Rh7 21.
Bf6 Nf3 22. Rxe7+ Rxe7 23. Rh1 Re4 24. b3 d6 25. Rxh6 Re1+ 26. Kb2 a6 27. Rh7
Bc6 28. Nd5 Bxd5 29. Bxd5 Nd2 30. Bxa8 Rb1+ 31. Ka3 b5 32. Re7+ Kf8 33. Bd5 c4
34. Rf7+ Ke8 35. Re7+ Kf8 36. Ra7 Ke8 37. Bc6+ Kf8 38. Bxd4 Re1 39. Rd7 cxb3 40.
axb3 Re6 41. Bd5 Re2 42. Rf7+ Ke8 43. Ra7 Nb1+ 44. Kb2 Nd2 45. Rxa6 b4 46. Rxd6
Ke7 47. Rb6 Ne4 48. Re6+ Kd7 49. Rxe4 Rd2 50. Be6+ Kc6 51. f4 Kd6 52. Bc4 Rg2
53. Be5+ Kc5 54. Bd4+ Kd6 55. f5 Rd2 56. Be5+ Kc5 57. f6 1-0

[Event "AUTO-OPEN-3731"]
[Site "http://www.queenalice.com/game.php?id=1451590"]
[Date "2016.11.24"]
[Round "1"]
[White "Scharlatan"]
[Black "twmoore"]
[Result "1-0"]
[WhiteElo "2103"]
[BlackElo "1539"]

1. d4 d5 2. c4 Nf6 3. cxd5 Qxd5 4. Nc3 Qd8 5. Nf3 Bf5 6. Bf4 Nc6 7. Nb5 Nd5 8.
Bg3 a6 9. Na3 e6 10. e3 Bd6 11. Rc1 Bb4+ 12. Nd2 O-O 13. Be2 Qe7 14. O-O Qg5 15.
Nc2 Bh3 16. gxh3 f5 17. Nf3 Qf6 18. Nxb4 f4 19. Nxc6 bxc6 20. Bh4 Qg6+ 21. Kh1
fxe3 22. Rg1 Qf7 23. Ne5 Qf5 24. Bd3 Qxh3 25. Qh5 Nf6 26. Rxg7+ Kxg7 27. Bxf6+
Rxf6 28. Qxh3 Rg8 29. Qxh7+ Kf8 30. Nd7+ 1-0

[Event "AUTO-OPEN-3731"]
[Site "http://www.queenalice.com/game.php?id=1451591"]
[Date "2016.11.24"]
[Round "1"]
[White "twmoore"]
[Black "Scharlatan"]
[Result "0-1"]
[WhiteElo "1597"]
[BlackElo "2022"]

1. e4 d6 2. d4 Nf6 3. Bd3 e5 4. Nf3 Nc6 5. Be3 Be7 6. dxe5 dxe5 7. O-O O-O 8.
Nc3 Bg4 9. h3 Bh5 10. Qe1 Bxf3 11. g3 Qd7 12. Bb5 Qxh3 0-1

[Event "AUTO-OPEN-3731"]
[Site "http://www.queenalice.com/game.php?id=1451610"]
[Date "2016.11.24"]
[Round "1"]
[White "kingdave"]
[Black "twmoore"]
[Result "1-0"]
[WhiteElo "2225"]
[BlackElo "1530"]

1. e4 e5 2. Nf3 d6 3. Bc4 h6 4. Nc3 Nc6 5. d3 Qf6 6. Be3 Be6 7. Nd5 Bxd5 8. Bxd5
Nge7 9. c4 O-O-O 10. a3 g5 11. b4 b6 12. b5 Nd4 13. Nxd4 exd4 14. Bd2 Ng6 15.
Bc6 Ne5 16. O-O Nxd3 17. Qa4 Rd7 18. Qxa7 Kd8 19. Bxd7 Kxd7 20. Qa4 Nc5 21. Qc2
d3 22. Qc3 Bg7 23. Qxf6 Bxf6 24. Ra2 Bd4 25. Be3 Bxe3 26. fxe3 Nxe4 27. Rxf7+
Ke6 28. Rf1 d2 29. Rd1 Rf8 30. Rdxd2 Nxd2 31. Rxd2 g4 32. Rf2 Rg8 33. Kf1 h5 34.
Ra2 h4 35. Rf2 Rg5 36. Rf4 Ke5 37. Ke2 g3 38. Rxh4 d5 39. hxg3 Rxg3 40. Kf2 Rg5
41. cxd5 Kxd5 42. Rd4+ Kc5 43. a4 Rf5+ 44. Ke2 Rg5 45. g4 c6 46. bxc6 Kxc6 47.
Kf3 Kc5 48. Kf4 Rg7 49. g5 1-0

[Event "AUTO-OPEN-3731"]
[Site "http://www.queenalice.com/game.php?id=1451611"]
[Date "2016.11.24"]
[Round "1"]
[White "twmoore"]
[Black "kingdave"]
[Result "0-1"]
[WhiteElo "1575"]
[BlackElo "2224"]

1. d4 Nf6 2. Bf4 g6 3. Nc3 d5 4. Nf3 Bg7 5. e3 O-O 6. Bd3 c5 7. O-O Nbd7 8. Nb5
a6 9. Nc3 Nh5 10. Nxd5 Nxf4 11. exf4 cxd4 12. Re1 e6 13. Nb4 a5 14. Bb5 axb4 15.
a3 bxa3 16. b3 d3 17. Qxd3 Bxa1 18. Rxa1 Nc5 19. Qc3 Ne4 20. Qe3 Nd6 21. Rd1 a2
22. Ra1 Nxb5 23. c4 Nd6 24. g3 Nf5 25. g4 Nxe3 26. fxe3 Qd3 27. Ne5 Qxe3+ 28.
Kg2 Qxb3 29. c5 Qb2+ 30. Kh3 Ra3+ 31. Kh4 Qxh2+ 0-1

[Event "AUTO-OPEN-3731"]
[Site "http://www.queenalice.com/game.php?id=1451622"]
[Date "2016.11.24"]
[Round "1"]
[White "twmoore"]
[Black "maurice91"]
[Result "0-1"]
[WhiteElo "1573"]
[BlackElo "1864"]

1. e4 c6 2. d4 g6 3. Nf3 Bg7 4. Nc3 d5 5. e5 Bg4 6. h3 Bxf3 7. Qxf3 e6 8. Bd3
Qd7 9. O-O b5 10. b3 a5 11. Bd2 h6 12. Ne2 Ne7 13. c4 bxc4 14. bxc4 O-O 15. Ng3
Nf5 16. Nxf5 exf5 17. Rae1 Re8 18. Re2 Re6 19. Rb1 Ra7 20. Rxb8+ Kh7 21. h4 Qc7
22. h5 Qxb8 23. Bxf5 gxf5 24. Qxf5+ Kh8 25. cxd5 cxd5 26. Re3 Qb2 27. Rc3 Ra8
28. Rc7 Qxd2 29. Qxf7 Qe1+ 30. Kh2 Bxe5+ 31. g3 Bxg3+ 32. fxg3 Re2+ 33. Kh3 Qh1+
34. Kg4 Qe4+ 35. Qf4 Rg8+ 36. Kh3 Qh1# 0-1

[Event "AUTO-OPEN-3731"]
[Site "http://www.queenalice.com/game.php?id=1451623"]
[Date "2016.11.24"]
[Round "1"]
[White "maurice91"]
[Black "twmoore"]
[Result "1-0"]
[WhiteElo "1832"]
[BlackElo "1581"]

1. d4 d5 2. Bf4 Bf5 3. Nf3 Nc6 4. c3 Nf6 5. h3 e6 6. Nbd2 Bd6 7. Bxd6 Qxd6 8. e3
O-O-O 9. Nh4 Be4 10. Nhf3 e5 11. dxe5 Nxe5 12. Nxe4 Nxe4 13. Nxe5 Qxe5 14. Qc2
Rd6 15. Bd3 Rf6 16. O-O Re8 17. Rad1 Ree6 18. Bxe4 dxe4 19. Rd2 b6 20. Rfd1 Kb7
21. Rd4 Rg6 22. Rd7 Rd6 23. Rxf7 Rxd1+ 24. Qxd1 Qe6 25. Qd7 Qc4 26. Rxg7 Rc6 27.
Rxh7 Qxa2 28. Qd2 Rd6 29. Qc2 Rg6 30. Qxe4+ Ka6 31. Qxg6 Qxb2 32. Rxc7 Qa3 33.
Qd3+ b5 34. Qg6+ Ka5 35. Rxa7# 1-0

[Event "AUTO-INT-3197"]
[Site "http://www.queenalice.com/game.php?id=1451738"]
[Date "2016.11.24"]
[Round "1"]
[White "The_Clown"]
[Black "twmoore"]
[Result "1-0"]
[WhiteElo "1760"]
[BlackElo "1537"]

1. d4 d5 2. Bf4 Nc6 3. e3 Bf5 4. Nc3 g6 5. Bb5 a6 6. Bxc6+ Bd7 7. Bxb7 Rb8 8.
Bxd5 c6 9. Bxb8 Qxb8 10. Bb3 Nf6 11. Qd2 Bf5 12. O-O-O Ne4 13. Nxe4 Bxe4 14. Kb1
e6 15. f3 Bd5 16. Bxd5 cxd5 17. Ne2 Ba3 18. b3 O-O 19. Qa5 Bb4 20. Qxa6 Rc8 21.
Qd3 Ba3 22. e4 Qa7 23. e5 Ra8 24. Nc3 Bb4 25. a4 Qe7 26. Nb5 Rc8 27. Nd6 Rc3 28.
Qb5 Bxd6 29. h4 Bc7 30. h5 Qf8 31. h6 f6 32. f4 f5 33. Qa6 Bd8 34. Qxe6+ Qf7 35.
Qd6 Be7 36. Qb8+ Bf8 37. Kb2 Rc6 38. Rd3 Qb7 39. Qxb7 Re6 40. Rc3 Re7 41. Qxd5+
Rf7 42. e6 Re7 43. Rc8 Re8 44. Rxe8 1-0

[Event "AUTO-INT-3197"]
[Site "http://www.queenalice.com/game.php?id=1451739"]
[Date "2016.11.24"]
[Round "1"]
[White "twmoore"]
[Black "The_Clown"]
[Result "0-1"]
[WhiteElo "1569"]
[BlackElo "1703"]

1. e4 e5 2. d4 exd4 3. Qxd4 Nc6 4. Qd1 Nf6 5. Nc3 Bb4 6. Bd3 O-O 7. a3 Bxc3+ 8.
Kf1 Bd4 9. Nf3 d5 10. exd5 Nxd5 11. c3 Bf6 12. Bf4 Nxf4 13. Nd4 Nxd4 14. cxd4
Nxd3 15. Qxd3 Bxd4 16. g3 Re8 17. Kg2 Qd5+ 18. Qf3 Qxf3+ 19. Kxf3 Bxb2 20. Rab1
Bxa3 21. Rb3 Bd6 22. Rd1 b6 23. Rd4 Bb7+ 24. Kg4 g6 25. Kh3 a5 26. Rh4 h5 27.
Rb5 Re2 28. Rb3 Rxf2 29. Re3 Bg2# 0-1

[Event "AUTO-INT-3197"]
[Site "http://www.queenalice.com/game.php?id=1451754"]
[Date "2016.11.24"]
[Round "1"]
[White "TIKAR"]
[Black "twmoore"]
[Result "1-0"]
[WhiteElo "1777"]
[BlackElo "1546"]

1. e4 e5 2. Nf3 Nc6 3. d4 f6 4. Nh4 exd4 5. Qh5+ g6 6. Nxg6 hxg6 7. Qxh8 Nge7 8.
Bh6 d6 9. Qxf8+ Kd7 10. Qxf6 b6 11. Bc4 Na5 12. Bd3 c5 13. Na3 a6 14. O-O Kc7
15. Rfe1 Kb8 16. e5 Ra7 17. exd6 Nac6 18. dxe7 Nxe7 19. Nc4 Qh8 20. Qxh8 Nc6 21.
Bf4+ Kb7 22. Nd6+ 1-0

[Event "AUTO-INT-3197"]
[Site "http://www.queenalice.com/game.php?id=1451755"]
[Date "2016.11.24"]
[Round "1"]
[White "twmoore"]
[Black "TIKAR"]
[Result "0-1"]
[WhiteElo "1595"]
[BlackElo "1646"]

1. e4 e5 2. Nf3 Nc6 3. Bc4 a6 4. Nc3 Nf6 5. O-O Bc5 6. Nd5 Na5 7. Nxf6+ Qxf6 8.
d3 Nxc4 9. dxc4 O-O 10. Bg5 Qc6 11. Be3 Bxe3 12. fxe3 Qxe4 13. Re1 b6 14. Ng5
Qxc4 15. Kh1 Bb7 16. Qh5 h6 17. Nh3 Qxc2 18. Rac1 Qxg2# 0-1

[Event "AUTO-INT-3197"]
[Site "http://www.queenalice.com/game.php?id=1451764"]
[Date "2016.11.24"]
[Round "1"]
[White "PU1JQF"]
[Black "twmoore"]
[Result "0-1"]
[WhiteElo "1262"]
[BlackElo "1541"]

1. e4 d5 2. d4 dxe4 3. f3 exf3 4. Nxf3 g6 5. Ne5 Bg7 6. Qf3 Bxe5 7. Bc4 e6 8.
O-O Qxd4+ 9. Qf2 Qxf2+ 10. Rxf2 Nf6 11. c3 O-O 12. Na3 Nc6 13. Bg5 Ng4 14. Rd2
b6 15. Re1 Bxh2+ 16. Kf1 Bb7 17. Nb5 f6 18. Nxc7 fxg5+ 19. Ke2 Rf2+ 20. Kd3
Nce5+ 21. Kc2 Nxc4 22. Kb3 Rxd2 23. Kxc4 Rc8 24. Rxe6 Bd5+ 25. Kb5 Bxe6 26. a3
Rxc7 27. b3 Rxc3 28. g3 Rc5+ 29. Ka6 Ra5+ 30. Kb7 Bd5+ 31. Kc7 Bxg3+ 32. Kd7
Bxb3+ 0-1

[Event "AUTO-INT-3197"]
[Site "http://www.queenalice.com/game.php?id=1451765"]
[Date "2016.11.24"]
[Round "1"]
[White "twmoore"]
[Black "PU1JQF"]
[Result "1-0"]
[WhiteElo "1553"]
[BlackElo "1327"]

1. d4 d5 2. Bf4 Be6 3. Nc3 Nf6 4. Nb5 Ng4 5. Nxc7+ Qxc7 6. c3 Qa5 7. Qb3 g6 8.
Qxb7 Bh6 9. Bxh6 Nxh6 10. Qxa8 Qb6 11. O-O-O O-O 12. a4 Nf5 13. a5 Qxa5 14. Qb7
Qa1+ 15. Kc2 Qa2 16. e3 Qa4+ 17. Qb3 Qxb3+ 18. Kxb3 Nc6 19. Ra1 Nd6 20. Nf3 Ne4
21. Bd3 Nxf2 22. Rhf1 Nxd3 23. Ng5 Na5+ 24. Rxa5 Bf5 25. Rxd5 Rb8+ 26. Ka2 Rxb2+
27. Ka3 f6 28. Rd8+ Kg7 29. Ne6+ Kf7 30. Nc7 g5 31. Rxf5 Rxg2 32. Rd7 Rxh2 33.
Nd5 Kg6 34. Rf1 Rc2 35. Nxe7+ Kh5 36. Rh1+ Kg4 37. Rg1+ Kf3 38. Rb7 h5 39. Rbb1
Kf2 40. Rgf1+ Ke2 41. Nd5 f5 42. Rxf5 Nf2 43. Rxg5 Ne4 44. Rxh5 Nd2 45. Nf4+
Kxe3 46. Ng2+ Ke4 47. Re1+ Kf3 48. Nh4+ Kf2 49. Ree5 Rxc3+ 50. Kb4 Rb3+ 51. Kc5
Rc3+ 52. Kd5 a5 53. Rhf5+ Kg1 54. Re8 Nc4 55. Rg8+ Kh2 56. Nf3+ Kh3 57. Rh5# 1-0

[Event "Challenge"]
[Site "http://www.queenalice.com/game.php?id=1470732"]
[Date "2017.3.27"]
[Round "-"]
[White "Scaracioli"]
[Black "twmoore"]
[Result "1-0"]
[WhiteElo "1708"]
[BlackElo "1549"]

1. e4 b6 2. d4 Bb7 3. d5 d6 4. c4 Nf6 5. Bd3 g6 6. Bg5 Bg7 7. Nc3 O-O 8. f4 c6
9. Nge2 Na6 10. h3 Nc5 11. Bc2 h6 12. Bxf6 Bxf6 13. O-O e6 14. dxe6 fxe6 15. Qd2
Ba6 16. b3 d5 17. exd5 e5 18. Bxg6 Qd6 19. Rae1 exf4 20. Nxf4 Bg5 21. g3 Bxf4
22. Rxf4 Qxg6 23. Kh2 Bc8 24. Ref1 Bf5 25. R1f3 1-0

[Event "Challenge"]
[Site "http://www.queenalice.com/game.php?id=1470733"]
[Date "2017.3.27"]
[Round "-"]
[White "twmoore"]
[Black "Scaracioli"]
[Result "0-1"]
[WhiteElo "1560"]
[BlackElo "1697"]

1. e4 e5 2. Bc4 Nf6 3. Nc3 c6 4. Nf3 d6 5. Ng5 d5 6. exd5 cxd5 7. Bb5+ Nc6 8.
O-O h6 9. Nf3 Bd7 10. Qe2 Bd6 11. d3 a6 12. Ba4 b5 13. Bb3 Be6 14. h3 O-O 15. g4
d4 16. Nd1 a5 17. g5 hxg5 18. Bxg5 Bd7 19. c3 b4 20. c4 Bxh3 21. Re1 Re8 22. Nh2
Qc7 23. Qf3 Be6 0-1

[Event "Challenge"]
[Site "http://www.queenalice.com/game.php?id=1474994"]
[Date "2017.4.24"]
[Round "-"]
[White "twmoore"]
[Black "mvson33"]
[Result "0-1"]
[WhiteElo "1539"]
[BlackElo "1763"]

1. e4 e5 2. Nf3 Nc6 3. Bc4 Bc5 4. O-O d6 5. d3 Nf6 6. h3 O-O 7. Bg5 Qe7 8. Nh4
h6 9. Nf5 Bxf5 10. g4 Bh7 11. Be3 Bxe3 12. fxe3 Kh8 0-1

[Event "Challenge"]
[Site "http://www.queenalice.com/game.php?id=1474995"]
[Date "2017.4.24"]
[Round "-"]
[White "twmoore"]
[Black "mvson33"]
[Result "0-1"]
[WhiteElo "1526"]
[BlackElo "1776"]

1. g3 d5 2. Bg2 c6 3. d4 Bf5 4. Nf3 Nd7 5. O-O h6 6. Nc3 Ngf6 7. Qd2 e6 8. Re1
Be7 9. h3 O-O 10. Ne5 Bh7 0-1

[Event "Challenge"]
[Site "http://www.queenalice.com/game.php?id=1474996"]
[Date "2017.4.24"]
[Round "-"]
[White "mvson33"]
[Black "twmoore"]
[Result "1-0"]
[WhiteElo "1770"]
[BlackElo "1532"]

1. e4 e5 2. Nf3 Nc6 3. Bc4 h6 4. Nc3 Bc5 5. O-O Nf6 6. a3 O-O 7. d3 a6 8. Bd2 d6
9. h3 Bd4 10. Ba2 Be6 11. Bxe6 fxe6 12. Kh1 1-0

[Event "Challenge"]
[Site "http://www.queenalice.com/game.php?id=1474997"]
[Date "2017.4.24"]
[Round "-"]
[White "mvson33"]
[Black "twmoore"]
[Result "1-0"]
[WhiteElo "1782"]
[BlackElo "1520"]

1. e4 e5 2. Nf3 Nc6 3. Bc4 h6 4. Nc3 a6 5. a3 Bc5 6. O-O Nf6 7. d3 Ng4 8. h3 Nf6
9. Nd5 Nd4 10. Be3 c6 11. Nc3 1-0